| 000 | nam a22 7a 4500 | ||
|---|---|---|---|
| 999 |
_c329494 _d329494 |
||
| 003 | NUST | ||
| 005 | 20170510120855.0 | ||
| 008 | 170510b xxu||||| |||| 00| 0 eng d | ||
| 040 | _c0 | ||
| 082 | _a530.72 NIS | ||
| 245 |
_aBasic Analytical Labortary: _b(Environmental Technology) _cNISTE |
||
| 260 |
_aIslamabad _bNISTE,NBF _c2002 |
||
| 300 | _a101p | ||
| 500 | _aP.B | ||
| 942 |
_2ddc _cBK _k530.72 NIS |
||